000 00420nam a2200145 4500
001 112294
003 ES-MaACL
007 t|
008 061121s1952 sp r ||||1| spa d
100 1 _aOrtega Gaisan, Alejandro.
_987456
245 1 0 _aValores humanos /
_cAlejandro Ortega Gaisan.
260 _aVitoria :
_b[s.n.],
_c1952 (
_fTip. Industrias Gais)
300 _a3 v. ;
_c21 cm.
852 _aES-MaACL
_jE-4305-7
_bR.42972
999 _c112294
_d112294